000 00279nam a2200121Ia 4500
008 190216s9999||||xx |||||||||||||| ||und||
100 _aPilla R S
245 0 _aIndian Sathanangal
260 _bKerala Bhasha Institute
_c1973
300 _a201p
650 _aZoology
942 _cBK
999 _c37827
_d37827